Zatraty i rezul'taty Besedy ob ekonomike

Enregistré dans:
Détails bibliographiques
Format: Livre
Langue:russe
Publié: Moskva Nauka 1990
Tags: Ajouter un tag
Pas de tags, Soyez le premier à ajouter un tag!

MARC

LEADER 00000nam a2200000 4500
001 c028395
005 20260327070420.5
041 0 |a rus 
044 |a RU 
245 1 0 |a Zatraty i rezul'taty  |b Besedy ob ekonomike  |c Gennadij Lipanovič Avrech, Nikolaj Prokof'jevič Fidorenko, Jevgenij Petrovič Ščukin 
264 1 |a Moskva  |b Nauka  |c 1990 
300 |a 191 s.